New Orleans City Trivia - Statistics

General Stats
  • This quiz has been taken 20,159 times
    9,390 since last reset
  • The average score is 12 of 21
Answer Stats
Hint Answer % Correct
Hurricane that struck in 2005 Katrina
97%
The most famous street in New Orleans Bourbon Street
84%
NFL team based in New Orleans New Orleans Saints
81%
Jazz musician supposedly born on the 4th of July, 1900 Louis Armstrong
77%
Neighborhood in which that street is located French Quarter
71%
Common four letter abbreviation for New Orleans NOLA
71%
Most common nickname for the city The Big Easy
68%
A person of Acadian French descent is known as a ... Cajun
67%
New Orleans style fried shrimp sandwich Po' Boy
63%
A person of mixed European, Black, and Native American heritage is a ... Creole
61%
Popular soup often made with okra Gumbo
61%
Louisiana equivalent of "county" Parish
60%
New Orleans translation of "who is that?" Who dat?
57%
New Orleans style powdered donut Beignet
47%
Play by Tennessee Williams set in New Orleans A Streetcar Named Desire
45%
Cafe famous for serving those donuts Cafe du {Monde}
44%
Saltwater lake that borders the city Lake Pontchartrain
43%
Style of music played with a washboard for percussion Zydeco
28%
Historic neighborhood which inspired an HBO drama of the same name Tremé
19%
New Orleans term for a street median {Neutral} ground
12%
New Orleans translation of "where are you?" or "how's it going?" Where y'at
10%
No matching quizzes found
Score Distribution
Percent of People with Each Score
Percentile by Number Answered
Your Score History
You have not taken this quiz since the last reset